| 000 | 00473nam a2200157 i 4500 | ||
|---|---|---|---|
| 001 | 35262 | ||
| 003 | ES-MaACL | ||
| 005 | 20230906155104.0 | ||
| 007 | t| | ||
| 008 | 030212s1948 sp ||||1| spa d | ||
| 100 | 1 |
_aBorrell y Soler, Antonio María. _930595 |
|
| 245 | 1 | 3 |
_aEl dominio según el código civil español / _cAntonio M. Borrell y Soler. |
| 260 |
_aBarcelona : _bBachs, _c1948 ( _fClarasó) |
||
| 300 |
_a516 p. ; _c23 cm. |
||
| 852 |
_aES-MaACL _jD-7592 _bR.30109 |
||
| 999 |
_c35262 _d35262 |
||